Statistics for World Capital Bullseye #5

Click here to take the quiz!

General Stats

  • This quiz has been taken 104 times
  • The average score is 26 of 28

Answer Stats

Capital City% Correct
Amsterdam
100%
Brussels
100%
Oslo
100%
Warsaw
100%
Copenhagen
99%
Dublin
99%
London
99%
Helsinki
98%
Paris
98%
Vienna
98%
Bern
97%
Budapest
97%
Luxembourg
97%
Stockholm
97%
Kiev
96%
Minsk
96%
Prague
96%
Bratislava
94%
Zagreb
94%
BERLIN
91%
Riga
91%
Tallinn
91%
Vaduz
90%
Vilnius
90%
Ljubljana
88%
Reykjavik
88%
Belgrade
87%
San Marino
75%

Score Distribution

Percentile by Number Answered

Percent of People with Each Score

Your Score History

You have not taken this quiz